000 00394cam a22001577a 4500
008 180718b1995 xxu||||| |||| 00| 0 eng d
020 _a8170332776
082 _aO91 B291
100 _aBasheer, Anisa
245 _aEnvironmental epidemiology
_cby Anisa Basheer
260 _aJaipur
_bRawat
_c1995
300 _a174p.
650 _aPublic health
650 _aEnvironment
650 _aOecology
999 _c378776
_d378776